Movies Quiz

Random Movies or Disney Quiz
Score 0/9 Timer 00:30
17 Plays Today
% Correct
Jack Sparrow
97.6%
Will Turner
94.2%
Hector Barbossa
92.6%
Elizabeth Swann
91%
Carina Smyth
82.1%
Angelica
78.3%
Cutler Beckett
76%
Philip Swift
70.5%
Henry Turner
67.8%
Remove Ads.
Support Sporcle.
Get the best of Sporcle when you Go Orange. This ad-free experience offers more features, more stats, and more fun while also helping to support Sporcle. Thank you for becoming a member.

You're not logged in!

Compare scores with friends on all Sporcle quizzes.
OR
Log In

Sporcle TV

Today on Sporcle TV


Watch our educational content, quiz creation guides, and fun videos on Sporcle TV.

Show Comments

Extras

Top Quizzes Today


Score Distribution

Paid Content

Your Account Isn't Verified!

In order to create a playlist on Sporcle, you need to verify the email address you used during registration. Go to your Sporcle Settings to finish the process.

Report this User

Report this user for behavior that violates our Community Guidelines.

Details: